ბათუმის შოთა რუსთაველის სახელმწიფო უნივერსიტეტის ბიბლიოთეკა

ადამიანი - სინამდვილე და ოცნება : (ბიბ.ჩანაწერი № 37925)

000 -ლიდერი
ფიქსირებული სიგრძის საკონტროლო ველი 01080nam a2200229Ia 4500
001 - საკონტროლო ნომერი
საკონტროლო ველი 3904
003 - საკონტროლო ნომრის იდენტიფიკატორი
საკონტროლო ველი GE_BSU
005 - ბოლო ოპერაციის თარიღი და დრო
საკონტროლო ველი 20190816154659.0
008 - ფიქსირებული სიგრძის მონაცემთა ელემენტები - ზოგადი ინფორმაცია
ფიქსირებული სიგრძის საკონტროლო ველი 181216s1980||||ge |||||||||||||| ||geo||
040 ## - კატალოგიზაციის წყარო
Transcribing agency GE_BSU
041 ## - ენის კოდი
Language code of text/sound track or separate title geo
080 ## - უნივერსალური ათობითი კლასიფიკაციის ინდექსი
Universal Decimal Classification number 159.923 ტ–15
100 ## - მთავარი ჩანაწერი - პიროვნების სახელი
Personal name ტაბიძე, ოთარ
9 (RLIN) 3656
245 ## - ცნობა სათაურის შესახებ
Title ადამიანი - სინამდვილე და ოცნება :
Remainder of title ფილოსოფიური ანთროპოლოგიის შესავალი; ნაკვ.1 /
Statement of responsibility, etc რედ. ჯიოევი, ო.; ფილოსოფიის ინ-ტი.
264 ## - წარმოების, გამოცემის, დისტრიბუციის და სხვა ცნობები
გამოცემის, წარმოების, დისტრიბუციის... ადგილი თბ. :
გამოცემის, წარმოების, დისტრიბუციის... სახელწოდება მეცნიერება,
გამოცემის, წარმოების, დისტრიბუციის... თარიღი 1980.
300 ## - ფიზიკური აღწერა
Extent 102 გვ. ;
Other physical details 21 სმ.
653 ## - INDEX TERM--UNCONTROLLED
Uncontrolled term ფილოსოფიური ანთროპოლოგია
653 ## - INDEX TERM--UNCONTROLLED
Uncontrolled term ადამიანის ფილოსოფიური საკითხები
700 ## - ADDED ENTRY--PERSONAL NAME
Personal name ჯიოევი, ო.
Relator term რედაქტორი
9 (RLIN) 3593
710 ## - ADDED ENTRY--CORPORATE NAME
Corporate name or jurisdiction name as entry element ფილოსოფიის ინ-ტი.
9 (RLIN) 3657
942 ## - ADDED ENTRY ELEMENTS (KOHA)
Koha item type წიგნი
Source of classification or shelving scheme
ეგზემპლარები
ჩამოწერის სტატუსი დაკარგული ეგზემპლარის სტატუსი კლასიფიკაციის წყარო ან თაროზე გაწყობის სქემა დაზიანების სტატუსი არ გაიცემა მუდმივი მდებარეობა (დაცვის ადგილი) ამჟამინდელი ადგილსამყოფელი თაროზე განთავსების ადგილი შეძენის თარიღი ღირებულება, შესყიდვის ნორმალური ფასი სრული შენახვის შიფრი შტრიხკოდი ბოლო ოპერაციის თარიღი ეგზემპლარის მიმდევრობითი ნომერი (კეტერი?) ფასის ძალაში შესვლის თარიღი ეგზემპლარის სახეობა საჯარო შენიშვნა
          ბათუმის შოთა რუსთაველის სახელმწიფო უნივერსიტეტის მთავარი ბიბლიოთეკა ბათუმის შოთა რუსთაველის სახელმწიფო უნივერსიტეტის მთავარი ბიბლიოთეკა წიგნსაცავი 2018-12-17 1.00 159.923 ტ–15 5441 2018-12-17 5441 2018-12-17 წიგნი 1 ლ.